LIBRARY & INFORMATION CENTRE, KCAET, TAVANUR

ONLINE PUBLIC ACCESS CATALOGUE (OPAC)

Introduction to Building Management (Record no. 3241)

MARC details
000 -LEADER
fixed length control field 00374cam a2200145ua 4500
003 - CONTROL NUMBER IDENTIFIER
control field OSt
008 - FIXED-LENGTH DATA ELEMENTS--GENERAL INFORMATION
fixed length control field 180814b ||||| |||| 00| 0 eng d
082 ## - DEWEY DECIMAL CLASSIFICATION NUMBER
Classification number 692.8
Item number CAL/IN
100 ## - MAIN ENTRY--AUTHOR NAME
Personal name Calvert, R E .
245 ## - TITLE STATEMENT
Title Introduction to Building Management
260 ## - PUBLICATION, DISTRIBUTION, ETC. (IMPRINT)
Place of publication London :
Name of publisher George Newnes Limited ,
Year of publication 1964.
300 ## - PHYSICAL DESCRIPTION
Number of Pages 244 ; .
942 ## - ADDED ENTRY ELEMENTS (KOHA)
Koha item type Books
Holdings
Withdrawn status Lost status Damaged status Home library Current library Date acquired Full call number Accession Number Koha item type
      KAUAET KAUAET 07/04/2012 692.8 6010 Books
free website counter